[Event "Niedersachsen-ch op"]
[Site "Verden"]
[Date "2016.01.05"]
[Round "6"]
[White "Boehme, Andre"]
[Black "Schulze, Lara"]
[Result "0-1"]
[WhiteElo "1879"]
[BlackElo "1940"]
[PlyCount "22"]
[EventDate "2016.01.03"]
[EventType "swiss"]
[EventRounds "7"]
[EventCountry "GER"]
[SourceTitle "EXT 2018"]
[Source "ChessBase"]
[SourceDate "2017.10.13"]
[SourceVersion "1"]
[SourceVersionDate "2017.10.13"]
[SourceQuality "1"]

1. e4 c5 2. Nf3 Nc6 3. d4 cxd4 4. Nxd4 g6 5. Nc3 Bg7 6. Be3 Nf6 7. Bc4 Qa5 8. Qd2 Qb4 9. Nxc6 bxc6 10. Bd3 Ng4 11. Bf4 Qxb2 0-1

[Event "Oberliga Nord W 1415"]
[Site "Germany"]
[Date "2015.04.12"]
[Round "9.8"]
[White "Boehme, Andre"]
[Black "Toedter, Carsten"]
[Result "1/2-1/2"]
[WhiteElo "1936"]
[BlackElo "1943"]
[PlyCount "39"]
[EventDate "2014.09.22"]
[EventType "team-tourn"]
[EventRounds "9"]
[EventCountry "GER"]
[SourceTitle "EXT 2016"]
[Source "ChessBase"]
[SourceDate "2015.10.08"]
[SourceVersion "1"]
[SourceVersionDate "2015.10.08"]
[SourceQuality "1"]
[WhiteTeam "Hellern"]
[BlackTeam "Goettingen Tempo"]
[WhiteTeamCountry "GER"]
[BlackTeamCountry "GER"]

1. e4 c6 2. d4 d5 3. e5 Bf5 4. Bd3 Bxd3 5. Qxd3 e6 6. Nf3 Qa5+ 7. c3 Qa6 8. Qxa6 Nxa6 9. 0-0 Ne7 10. Nbd2 c5 11. Nb3 Nc6 12. Be3 cxd4 13. Nbxd4 Nxd4 14. Nxd4 Be7 15. f4 0-0 16. f5 exf5 17. Nxf5 Rfe8 18. Rad1 Nc7 19. Rf3 Bf8 20. Bd4 1/2-1/2

[Event "Oberliga Nord W 1415"]
[Site "Germany"]
[Date "2015.02.22"]
[Round "7.8"]
[White "Kuegel, Tobias"]
[Black "Boehme, Andre"]
[Result "1-0"]
[WhiteElo "2180"]
[BlackElo "1936"]
[PlyCount "63"]
[EventDate "2014.09.22"]
[EventType "team-tourn"]
[EventRounds "9"]
[EventCountry "GER"]
[SourceTitle "EXT 2016"]
[Source "ChessBase"]
[SourceDate "2015.10.08"]
[SourceVersion "1"]
[SourceVersionDate "2015.10.08"]
[SourceQuality "1"]
[WhiteTeam "Delmenhorst"]
[BlackTeam "Hellern"]
[WhiteTeamCountry "GER"]
[BlackTeamCountry "GER"]

1. e4 c5 2. Nf3 e6 3. c4 Nc6 4. Nc3 Qc7 5. Be2 Nf6 6. 0-0 a6 7. d4 cxd4 8. Nxd4 h5 9. Nxc6 bxc6 10. f4 Bc5+ 11. Kh1 d6 12. e5 dxe5 13. fxe5 Qxe5 14. Bf4 Qd4 15. Qa4 Qd7 16. Rad1 Qb7 17. Bf3 Bd7 18. Rxd7 Nxd7 19. Bxc6 Qa7 20. Bxa8 Qxa8 21. Rd1 Qb7 22. h4 Be7 23. c5 Qc8 24. Ne4 f6 25. Nd6+ Bxd6 26. Rxd6 e5 27. Be3 Ke7 28. Qxa6 Qc7 29. Qc4 Rd8 30. Qe6+ Kf8 31. c6 Nb8 32. Rxd8+ 1-0

[Event "Niedersachsen-ch op-A"]
[Site "Verden"]
[Date "2015.01.03"]
[Round "4"]
[White "Soellig, Martin"]
[Black "Boehme, Andre"]
[Result "1-0"]
[WhiteElo "1893"]
[BlackElo "1979"]
[PlyCount "57"]
[EventDate "2015.01.02"]
[EventType "swiss"]
[EventRounds "7"]
[EventCountry "GER"]
[SourceTitle "EXT 2018"]
[Source "ChessBase"]
[SourceDate "2017.10.13"]
[SourceVersion "1"]
[SourceVersionDate "2017.10.13"]
[SourceQuality "1"]

1. e4 c5 2. Nc3 e6 3. g3 Nc6 4. Bg2 a6 5. d3 b5 6. a3 Bb7 7. Nge2 Qc7 8. Be3 Nf6 9. h3 Be7 10. Qd2 0-0 11. 0-0 Rad8 12. Rae1 d5 13. exd5 exd5 14. Bf4 Qd7 15. g4 d4 16. Ne4 Nd5 17. N2g3 Rfe8 18. Nf5 Bf8 19. Bd6 Rxe4 20. dxe4 Nf6 21. Bxf8 Rxf8 22. Qg5 Ne8 23. e5 Qe6 24. Bxc6 Bxc6 25. Ne7+ Kh8 26. Nxc6 Qxc6 27. Qe7 Kg8 28. f4 c4 29. e6 1-0

[Event "Niedersachsen-ch op-A"]
[Site "Verden"]
[Date "2015.01.02"]
[Round "1"]
[White "Boehme, Andre"]
[Black "Brinkmann, Fabian"]
[Result "1-0"]
[WhiteElo "1979"]
[BlackElo "1897"]
[PlyCount "136"]
[EventDate "2015.01.02"]
[EventType "swiss"]
[EventRounds "7"]
[EventCountry "GER"]
[SourceTitle "EXT 2018"]
[Source "ChessBase"]
[SourceDate "2017.10.13"]
[SourceVersion "1"]
[SourceVersionDate "2017.10.13"]
[SourceQuality "1"]

1. e4 c6 2. d4 d5 3. exd5 cxd5 4. Nf3 Nf6 5. Be2 Nc6 6. 0-0 Bf5 7. c3 e6 8. Nbd2 Bd6 9. Re1 0-0 10. Nf1 Rc8 11. Ng3 Bg6 12. Bd3 Qc7 13. Bg5 Nd7 14. Bxg6 hxg6 15. Qd3 Na5 16. Re2 Qc4 17. Qxc4 Nxc4 18. Rae1 b5 19. Bc1 b4 20. b3 Ncb6 21. cxb4 Bxb4 22. Bd2 Ba3 23. Bf4 Rc3 24. Rd1 Rfc8 25. Kf1 Rc2 26. Rxc2 Rxc2 27. Rd2 Rc8 28. Rd1 f6 29. h3 Rc2 30. Rd2 Rc1+ 31. Ke2 Bb4 32. Rb2 Rc8 33. Kd1 Nb8 34. Rc2 Rxc2 35. Kxc2 Nc6 36. Bd2 Bd6 37. Ne2 e5 38. Be3 Nb4+ 39. Kb1 Nd3 40. g3 e4 41. Nd2 Bb4 42. Kc2 g5 43. Nc1 Ne1+ 44. Kd1 Ng2 45. Nf1 Be1 46. Ke2 Bc3 47. a4 f5 48. Na2 Bb2 49. Nb4 f4 50. Bd2 Bxd4 51. a5 f3+ 52. Kd1 Nd7 53. Nxd5 Bxf2 54. Bxg5 Nf6 55. Bxf6 gxf6 56. Nxf6+ Kf7 57. Nxe4 Be1 58. Ng5+ Kg6 59. Nxf3 Bxa5 60. Ke2 Bb6 61. Ne5+ Kf5 62. Nd3 Ke4 63. h4 Kd4 64. h5 a5 65. Nd2 Kc3 66. Nc4 Bd8 67. Nc5 Kb4 68. Nb7 Bb6 1-0

[Event "Dresden ZMD op-B 23rd"]
[Site "Dresden"]
[Date "2014.08.22"]
[Round "8"]
[White "Boehme, Andre"]
[Black "Wong, Gengchun"]
[Result "1-0"]
[WhiteElo "1969"]
[BlackElo "1758"]
[PlyCount "57"]
[EventDate "2014.08.15"]
[EventType "swiss"]
[EventRounds "9"]
[EventCountry "GER"]
[SourceTitle "EXT 2024"]
[Source "ChessBase"]
[SourceDate "2023.10.10"]
[SourceVersion "1"]
[SourceVersionDate "2023.10.10"]
[SourceQuality "1"]

1. e4 c5 2. Nf3 d6 3. d4 cxd4 4. Nxd4 Nf6 5. Nc3 a6 6. Bg5 Nbd7 7. f4 Qc7 8. Qf3 b5 9. 0-0-0 Bb7 10. g4 g6 11. Bxf6 Nxf6 12. g5 Nd7 13. Bh3 Bg7 14. Rhe1 0-0 15. Nd5 Bxd5 16. exd5 Rfe8 17. Nc6 Nb8 18. f5 Nxc6 19. dxc6 Be5 20. fxg6 hxg6 21. Bd7 Rf8 22. Re4 Rad8 23. h4 f6 24. gxf6 exf6 25. Rg1 Kh7 26. Reg4 Rg8 27. Rxg6 Bf4+ 28. Kb1 Bh6 29. Qh5 1-0

[Event "Oberliga Nord W 0910"]
[Site "Germany"]
[Date "2009.10.18"]
[Round "1.8"]
[White "Boehme, Andre"]
[Black "Pollmann, Sascha"]
[Result "0-1"]
[WhiteElo "1986"]
[BlackElo "2026"]
[PlyCount "98"]
[EventDate "2009.10.18"]
[EventType "team-tourn"]
[EventRounds "9"]
[EventCountry "GER"]
[SourceTitle "EXT 2011"]
[Source "ChessBase"]
[SourceDate "2010.11.26"]
[SourceVersion "1"]
[SourceVersionDate "2010.11.26"]
[SourceQuality "1"]
[WhiteTeam "Hellern"]
[BlackTeam "Werder Bremen II"]
[WhiteTeamCountry "GER"]
[BlackTeamCountry "GER"]

1. e4 e6 2. d4 d5 3. e5 c5 4. c3 Nc6 5. Nf3 Nh6 6. Bd3 f6 7. 0-0 Nf7 8. Re1 fxe5 9. Nxe5 Ncxe5 10. dxe5 Bd7 11. Nd2 c4 12. Bc2 Bc5 13. Nf3 Qc7 14. Qe2 0-0-0 15. Be3 Nh6 16. b3 Kb8 17. b4 Bxe3 18. Qxe3 Rdf8 19. h3 Nf5 20. Qd2 h6 21. Nd4 Nxd4 22. Qxd4 g5 23. g3 Be8 24. Re3 Rhg8 25. Rf1 Bg6 26. Bxg6 Rxg6 27. Kg2 Qc6 28. Rf3 Rxf3 29. Kxf3 Rg8 30. Re1 Rf8+ 31. Kg2 Qe8 32. Re2 Qf7 33. Qe3 Qf5 34. Rd2 b6 35. a4 Kb7 36. a5 h5 37. axb6 axb6 38. Re2 g4 39. h4 Qf3+ 40. Kg1 Qf5 41. Kg2 Ra8 42. Re1 Ra2 43. Re2 Ra1 44. Re1 Rxe1 45. Qxe1 Kc6 46. Qe3 Qe4+ 47. Kf1 Qxe3 48. fxe3 Kb5 49. Ke2 Ka4 0-1

[Event "Werther Schloss op-B 13rd"]
[Site "Werther"]
[Date "2007.03.30"]
[Round "1"]
[White "Boehme, Andre"]
[Black "Gelashvili, Vakhtang"]
[Result "1-0"]
[WhiteElo "1869"]
[BlackElo "1987"]
[PlyCount "97"]
[EventDate "2007.03.30"]
[EventType "swiss"]
[EventRounds "5"]
[EventCountry "GER"]
[SourceTitle "EXT 2008"]
[Source "ChessBase"]
[SourceDate "2007.11.25"]
[SourceVersion "1"]
[SourceVersionDate "2007.11.25"]
[SourceQuality "1"]

1. e4 c5 2. Nf3 d6 3. d4 cxd4 4. Nxd4 a6 5. Nc3 g6 6. Be3 Bd7 7. Qd2 Bg7 8. 0-0-0 Nc6 9. Kb1 Rc8 10. f3 Qa5 11. Nb3 Bxc3 12. Nxa5 Bxd2 13. Bxd2 Nxa5 14. Bxa5 f5 15. Bc3 Rxc3 16. bxc3 fxe4 17. fxe4 Bc6 18. Bd3 Nf6 19. Rhe1 Ng4 20. h3 Ne5 21. Rf1 Bd7 22. Rf2 Be6 23. Rdf1 Rg8 24. a3 Rh8 25. Kc1 Rg8 26. Kd2 Rh8 27. Rb1 Bc8 28. Ke3 Kd7 29. Rbf1 Ke8 30. Kd4 Be6 31. Rb1 Nc6+ 32. Ke3 Nd8 33. c4 g5 34. e5 h5 35. exd6 exd6 36. Be4 Bc8 37. Rb6 Ke7 38. Rd2 Rh6 39. c5 Nf7 40. Bxb7 Bf5 41. Bxa6 Re6+ 42. Kf2 g4 43. Bc4 g3+ 44. Kxg3 Rg6+ 45. Kh2 Ne5 46. cxd6+ Kd8 47. Rb8+ Kd7 48. Bb5+ Ke6 49. d7 1-0

[Event "Werther Schloss op-B 12th"]
[Site "Werther"]
[Date "2006.04.09"]
[Round "5"]
[White "Boehme, Andre"]
[Black "Bykovskij, Sergej"]
[Result "1/2-1/2"]
[WhiteElo "1873"]
[BlackElo "1922"]
[PlyCount "42"]
[EventDate "2006.04.07"]
[EventType "swiss"]
[EventRounds "5"]
[EventCountry "GER"]
[SourceTitle "EXT 2008"]
[Source "ChessBase"]
[SourceDate "2007.11.25"]
[SourceVersion "1"]
[SourceVersionDate "2007.11.25"]
[SourceQuality "1"]

1. e4 d6 2. d4 Nf6 3. Bd3 g6 4. c4 Bg7 5. Nc3 Nc6 6. Nge2 Nd7 7. Be3 e5 8. d5 Ne7 9. Qd2 b6 10. f3 Nc5 11. Bc2 f5 12. Bh6 0-0 13. 0-0-0 a5 14. Bxg7 Kxg7 15. g3 Ng8 16. f4 Qe7 17. fxe5 Qxe5 18. Qd4 Qxd4 19. Nxd4 fxe4 20. Nxe4 Nxe4 21. Bxe4 Bd7 1/2-1/2

[Event "Nuremberg-ch op 05th"]
[Site "Nuremberg"]
[Date "2005.05.07"]
[Round "2"]
[White "Noettling, Dominik"]
[Black "Boehme, Andre"]
[Result "0-1"]
[WhiteElo "1322"]
[BlackElo "1909"]
[PlyCount "94"]
[EventDate "2005.05.06"]
[EventType "swiss"]
[EventRounds "5"]
[EventCountry "GER"]
[SourceTitle "EXT 2007"]
[Source "ChessBase"]
[SourceDate "2006.11.23"]
[SourceVersion "1"]
[SourceVersionDate "2006.11.23"]
[SourceQuality "1"]

1. e4 c5 2. Bc4 e6 3. Nf3 Nc6 4. d3 Qc7 5. 0-0 a6 6. Nc3 b5 7. Bb3 Bb7 8. Be3 Na5 9. Qe2 Nxb3 10. axb3 Nf6 11. Ra2 Be7 12. Rfa1 0-0 13. d4 b4 14. Na4 cxd4 15. Bxd4 Nxe4 16. Bb6 Qf4 17. g3 Nxg3 18. fxg3 Bxf3 19. gxf4 Bxe2 20. Bc5 Bxc5+ 21. Nxc5 Rac8 22. Nxd7 Rfd8 23. Nb6 Rxc2 24. Nc4 Bxc4 25. bxc4 Rxc4 26. Rxa6 g6 27. Ra8 Rxa8 28. Rxa8+ Kg7 29. Ra4 Rxf4 30. b3 Kf6 31. Kg2 h6 32. Kg3 g5 33. h3 Rd4 34. Kg2 Rd2+ 35. Kg1 Rd4 36. Kg2 Kg6 37. Kh2 Kh5 38. Kg2 Kh4 39. Kh2 h5 40. Kg2 g4 41. hxg4 hxg4 42. Kh2 Rd2+ 43. Kg1 Kg3 44. Kf1 Kf3 45. Kg1 Rd1+ 46. Kh2 g3+ 47. Kh3 Rh1# 0-1